Culture générale aléatoire #1 - Statistiques

Statistiques générales
  • Ce quiz a été pris 455 fois
  • Le résultat moyen est 7 sur 20
Statistiques - réponses
Hint Réponse % Correct
Dirigeant à la tête de Cuba de 1959 à 2008 Fidel Castro
80%
Réalisateur du film Titanic James Cameron
60%
Célèbre sculpture à qui les deux bras manquent La Vénus de Milo
57%
Nom du premier satellite artificiel lancé en 1957 Spoutnik
52%
Explorateur à qui l'Amérique doit son nom Amerigo Vespucci
51%
Année de l'indépendance de l'Inde 1947
46%
Scientifique proposant la théorie de l'héliocentrisme en 1513 Nicolas Copernic
45%
Père de Zeus Cronos
43%
Nom de la partie orientale de l'Empire Romain à partir de l'an 395 Empire Byzantin
41%
Année de la création de l'OTAN 1949
40%
Inventeur du revolver de poche Samuel Colt
33%
Auteur du Mariage de Figaro Beaumarchais
26%
Premier producteur d'or mondial Chine
23%
Etat américain dans lequel se situe Cincinnati Ohio
17%
Plus haut sommet d'Amérique du Nord (6190m) Denali
15%
Roi sacré en 1515 François Ier
11%
Principal minerai permettant la fabrication d'aluminium Bauxite
6%
Première femme dans l'espace (1963) Valentina Terechkova
6%
Oiseau représenté sur le drapeau de la Papouasie-Nouvelle-Guinée Paradisier
3%
Mer située à l'est du détroit de Gibraltar Mer d'Alboran
0%
Aucun quiz correspondant
Distribution des résultats
% des personnes avec chaque résultat
Percentile par nombre de réponses
Votre historique - résultats
Vous n’avez pas pris ce quiz